Piaget and knowledge (Record no. 193509)

MARC details
000 -LEADER
fixed length control field 00682nam a2200253Ia 4500
003 - CONTROL NUMBER IDENTIFIER
control field OSt
005 - DATE AND TIME OF LATEST TRANSACTION
control field 20220918192143.0
008 - FIXED-LENGTH DATA ELEMENTS--GENERAL INFORMATION
fixed length control field 220917b |||||||| |||| 00| 0 eng d
037 ## - SOURCE OF ACQUISITION
Terms of availability Textual
040 ## - CATALOGING SOURCE
Original cataloging agency ARTS
Transcribing agency ARTS
Language of cataloging eng
041 ## - LANGUAGE CODE
Source of code eng
Language code of text/sound track or separate title eng
100 ## - MAIN ENTRY--PERSONAL NAME
Personal name Furth Hans G
9 (RLIN) 78512
245 #0 - TITLE STATEMENT
Title Piaget and knowledge
Remainder of title theoretical foundations
250 ## - EDITION STATEMENT
Edition statement 2nd
260 ## - PUBLICATION, DISTRIBUTION, ETC.
Place of publication, distribution, etc. Chicago
Name of publisher, distributor, etc. Univ Of Chicago Press
Date of publication, distribution, etc. 1981
300 ## - PHYSICAL DESCRIPTION
Extent xxi,302p.
Dimensions cm.
500 ## - GENERAL NOTE
General note Bib 289-90p; Glossary 291-98p
942 ## - ADDED ENTRY ELEMENTS (KOHA)
Classification part R2xM96, M1
Koha item type Textual
Source of classification or shelving scheme Colon Classification (CC)
Holdings
Withdrawn status Lost status Damaged status Not for loan Home library Current library Date acquired Total Checkouts Full call number Barcode Date last seen Price effective from Koha item type
        Arts Library Arts Library 2022-09-18   R2xM96 M1 AL0747336 2022-09-18 2022-09-18 Textual
Copyright @ Delhi University Library System